Normal view
MARC view
- Hydraulic control
Entry Topical Term
001 - CONTROL NUMBER
- control field: 41106
003 - CONTROL NUMBER IDENTIFIER
- control field: NUST
005 - DATE AND TIME OF LATEST TRANSACTION
- control field: 20210314131953.0
008 - FIXED-LENGTH DATA ELEMENTS
- fixed length control field: 210314|| aca||aabn | a|a d
040 ## - CATALOGING SOURCE
- Original cataloging agency: NUST
- Transcribing agency: NUST
150 ## - HEADING--TOPICAL TERM
- Topical term or geographic name entry element: Hydraulic control
670 ## - SOURCE DATA FOUND
- Source citation: Work cat.: (NUST): Johnson, James E. 41105, Hydraulics for engineering technology /, c1996.
